ワンピース 全種悪魔の実 - Statistics

General Stats
  • This quiz has been taken 85 times
  • The average score is 98 of 137
Answer Stats
能力者 能力(自然系・動物系の場合はモチーフ) Answer % Correct
バギー 体をバラバラにすることができる バラバラの実
100%
アルビダ 肌をスベスベにし、摩擦抵抗をなくせる スベスベの実
100%
モンキー・D・ルフィ 体がゴムになる ゴムゴムの実(ヒトヒトの実)
100%
ニコ・ロビン 体の一部を、一定範囲内であらゆる場所から花のように生やせる ハナハナの実
98%
ミス・バレンタイン 自分の体重をキロ単位で変えられる キロキロの実
96%
ベラミー 体をバネにできる バネバネの実
94%
ドンキホーテ・ドフラミンゴ 体から糸を出せる イトイトの実
94%
ブルーノ 触れた場所にドアを作り出せる ドアドアの実
94%
シュウ 触れた金属を錆びつかせれる サビサビの実
94%
ブルック 死後に一度だけ黄泉の国から蘇れる ヨミヨミの実
94%
ゲッコー・モリア 影を支配することができる カゲカゲの実
94%
マゼラン 体から猛毒を分泌することができる ドクドクの実
94%
白ひげ→黒ひげ 振動を発生させ、地震を引き起こすことができる グラグラの実
94%
フォクシー 「ノロマ光子」の光線を放てる ノロノロの実
92%
カリファ 石鹸のように体から泡を出し、操れる アワアワの実
92%
アブサロム→シリュウ 自分の体、触れた人や物を透明にできる スケスケの実
92%
バーソロミュー・くま 掌の肉球で、あらゆるものを弾き飛ばせる ニキュニキュの実
92%
ボア・ハンコック 相手を魅了し、石にすることができる メロメロの実
92%
ワポル どんなものでも食べれる バクバクの実
90%
バジル・ホーキンス ・藁人形を生み出すことができる・自身が巨大な藁人形に変身できる ワラワラの実
90%
ダズ・ボーネス(Mr.1) 全身を刃物にできる スパスパの実
88%
トラファルガー・ロー 発生させた「円(ルーム)」の内部を意のままに支配できる オペオペの実
88%
ジェム(Mr.5) 全身のあらゆる部位を起爆できる ボムボムの実
87%
ミス・ダブルフィンガー 体のどこからでも鋭い棘を生やせる トゲトゲの実
87%
ペローナ ・幽体を生み出せる ・幽体離脱ができる ホロホロの実
87%
カポネ・ベッジ 体を城にすることができる シロシロの実
87%
ベビー5 体を武器に変えることができる ブキブキの実
87%
黒炭せみ丸→バルトロメオ どんな攻撃も通さないバリアを作り出せる バリバリの実
87%
ベンサム(Mr.2・ボン・クレー) 右手で顔に触れた人物に変身できる マネマネの実
85%
ユースタス・キッド 磁力を操ることができる ジキジキの実
85%
シキ 自分自身や一度触れた物体を浮遊させ、操れる フワフワの実
85%
マッハバイス 自分の体重をトン単位で変えられる トントンの実
85%
シャーロット・カタクリ ・体を餅に変えることができる・餅を生み出し、操ることができる モチモチの実
85%
マーシャル・D・ティーチ ヤミヤミの実
85%
トニートニー・チョッパー ヒト ヒトヒトの実
85%
センゴク 大仏 ヒトヒトの実(幻獣種)モデル大仏
85%
オニ丸 大入道 ヒトヒトの実(幻獣種)モデル大入道
85%
モンキー・D・ルフィ ニカ ヒトヒトの実(幻獣種)モデルニカ
85%
スクラッチメン・アプー 体の各部を様々な楽器に変え、それらから発する音で攻撃ができる オトオトの実
83%
エンポリオ・イワンコフ 生体ホルモンを指先から注入し、対象の生物を変化させることができる ホルホルの実
83%
錦えもん あらゆる衣服を作り出すことができる フクフクの実
83%
サカズキ(赤犬) 溶岩 マグマグの実
83%
ギャルディーノ(Mr.3) 体から蝋を出し、操れる ドルドルの実
81%
イナズマ 腕をハサミに変え、物を紙のように切り取れる チョキチョキの実
81%
ボルサリーノ(黄猿) ピカピカの実
81%
モネ ユキユキの実
81%
ジュエリー・ボニー 自他問わず、年齢を変えることができる トシトシの実
79%
ケリー・ファンクス 体をジャケットに変えることができる ジャケジャケの実
79%
シャーロット・ガレット バターを操ることができる バタバタの実
79%
クロコダイル スナスナの実
79%
ポートガス・D・エース→サボ メラメラの実
79%
シーザー・クラウン ガス ガスガスの実
79%
ピーカ 触れた岩石と同化することができる イシイシの実
77%
ラッスー ダックスフント イヌイヌの実モデルダックスフント
77%
チャカ ジャッカル イヌイヌの実モデルジャッカル
77%
ジャブラ 狼(ウルフ) イヌイヌの実モデル狼(ウルフ)
77%
ぶんぶく たぬき イヌイヌの実モデルたぬき
77%
ハウンド 猟犬(ハウンド) イヌイヌの実モデル猟犬(ハウンド)
77%
ヤマト 大口真神 イヌイヌの実(幻獣種)モデル大口真神
77%
バンダー・デッケン九世 掌で触れてメモリーした相手を、いつでも的として狙うことができる マトマトの実
75%
セニョール・ピンク 壁や地面を自在に泳ぐことができる スイスイの実
75%
シャーロット・ブリュレ 鏡を生み出すことができる ミラミラの実
75%
シャーロット・クラッカー ビスケットを生み出し、操ることができる ビスビスの実
75%
スモーカー モクモクの実
75%
エネル ゴロゴロの実
75%
カリブー ヌマヌマの実
75%
アラマキ(緑牛) モリモリの実
75%
ファンクフリード ゾウ ゾウゾウの実
75%
ジャック マンモス ゾウゾウの実(古代種)モデルマンモス
75%
ヒナ 体を錠にできる オリオリの実
73%
マザー・カルメル→ビッグ・マム あらゆる生物の魂(ソウル)を操れる ソルソルの実
73%
クザン(青きじ) ヒエヒエの実
73%
ピエール ウマ ウマウマの実
73%
ドルトン 野牛(バイソン) ウシウシの実 モデル野牛(バイソン)
73%
カク 麒麟(ジラフ) ウシウシの実モデル麒麟(ジラフ)
73%
ペル 隼(ファルコン) トリトリの実モデル隼(ファルコン)
73%
モルガンズ アルバトロス トリトリの実モデルアルバトロス
73%
ボア・サンダーソニア アナコンダ ヘビヘビの実モデルアナコンダ
73%
ボア・マリーゴールド キングコブラ ヘビヘビの実モデルキングコブラ
73%
黒炭オロチ 八岐大蛇 ヘビヘビの実(幻獣種)モデル八岐大蛇
73%
ストロンガー ペガサス ウマウマの実(幻獣種)モデルペガサス
73%
マルコ 不死鳥(フェニックス) トリトリの実(幻獣種)モデル不死鳥  (フェニックス)
73%
ブラメンコ 体にポケットを作り出し、物を収納できる ポケポケの実
71%
レオ どんな物でも材質問わずに縫い付けれる ヌイヌイの実
71%
マンシェリー 生物のあらゆる傷を治療できる チユチユの実
71%
シャーロット・プリン 人の記憶を改竄することができる メモメモの実
71%
カラス 体をススに変化させることができる ススススの実
71%
ミス・メリークリスマス モグラ モグモグの実
71%
シャーロット・モンドール 本を操ることができる ブクブクの実
69%
シャーロット・オーブン 体から高熱を発することができる ネツネツの実
69%
光月トキ 自身や他人を未来へ飛ばすことができる トキトキの実
67%
ペコムズ カメ カメカメの実
67%
ロブ・ルッチ 豹(レオパルド) ネコネコの実モデル豹(レオパルド)
67%
フーズ・フー サーベルタイガー ネコネコの実(古代種)モデルサーベルタイガー
67%
シャーロット・オペラ 生クリームを生み出し、操ることができる クリクリの実
65%
カブ カブトムシ ムシムシの実モデルカブトムシ
65%
ビアン スズメバチ ムシムシの実モデルスズメバチ
65%
X・ドレーク アロサウルス リュウリュウの実(古代種)モデルアロサウルス
65%
ページワン スピノサウルス リュウリュウの実(古代種)モデルスピノサウルス
65%
キング プテラノドン リュウリュウの実(古代種)モデルプテラノドン
65%
クイーン ブラキオサウルス リュウリュウの実(古代種)モデルブラキオサウルス
65%
うるティ パキケファロサウルス リュウリュウの実(古代種)モデルパキケファロサウルス
65%
ササキ トリケラトプス リュウリュウの実(古代種)モデルトリケラトプス
65%
つる あらゆるものを洗濯し、干すことができる ウォシュウォシュの実
63%
イッショウ(藤虎) 重力を操ることができる ズシズシの実
63%
シャーロット・ペロスペロー キャンディを生み出し、操ることができる ペロペロの実
63%
お玉 頬からきびだんごを出し、食べさせた動物を手懐けることができる キビキビの実
63%
雷ぞう あらゆる物を巻物に封じ込め、放出できる マキマキの実
62%
ジョズ 体をダイヤモンドに変えることができる キラキラの実
60%
バッファロー 体をプロペラのように回転させられる グルグルの実
58%
コラソン 色々な音を消せ、周囲の音を聞こえなくできる ナギナギの実
58%
ジーザス・バージェス 怪力を得られる リキリキの実
58%
アバロ・ピサロ 島と同化することができる シマシマの実
58%
しのぶ 触れた物を腐敗・成熟させることができる ジュクジュクの実
56%
タマゴ男爵 ???? タマタマの実
56%
ジョーラ 人や物を芸術作品に変えることができる アトアトの実
54%
シュトロイゼン あらゆる物を食材に変えることができる ククククの実
52%
カイドウ 青龍 ウオウオの実(幻獣種)モデル青龍
52%
ヴィオラ 千里眼を使うことができる ギロギロの実
50%
シャーロット・スムージー 人や物から水分を搾り取ることができる シボシボの実
50%
ベロ・ベティ 鼓舞した相手の身体能力を高められる コブコブの実
50%
ブラックマリア ロサミガレ・グラウボゲリィ クモクモの実(古代種)モデル ロサミガレ・グラウボゲリィ
50%
シャリングル 体の各部を車輪にし、回転させれる シャリシャリの実
48%
ディアマンテ 自分の体や触れた物をはためかせれる ヒラヒラの実
46%
ベリーグッド 体の各部が果実のように丸く取れる ベリベリの実
44%
トレーボル 体から粘液を出すことができる ベタベタの実
44%
シュガー 触れた生物をオモチャに変えられる ホビホビの実
44%
ヴァン・オーガー 瞬間移動をすることができる ワプワプの実
44%
グラディウス 自身の体や触れた無機物を破裂させられる パムパムの実
40%
ベガパンク あらゆる知識を際限なく記憶できる ノミノミの実
38%
モーリー 様々な物を壊さず押しのけることができる オシオシの実
37%
黒炭カン十郎 描いた絵を実体化することができる フデフデの実
35%
ドクQ 伝染病を生み出すことができる シクシクの実
33%
スマイリー アホロートル サラサラの実モデルアホロートル
31%
ステューシー コウモリ バットバットの実
17%
シャーロット・ダイフク 体から魔人を召喚することができる ホヤホヤの実
15%
シャーロット・ニューシ 他人と合体することができる ゴチャゴチャの実
4%
No matching quizzes found
Score Distribution
Percent of People with Each Score
Percentile by Number Answered
Your Score History
You have not taken this quiz